[Event "Ceske Budejovice op-A"]
[Site "Ceske Budejovice"]
[Date "2022.07.02"]
[Round "2"]
[White "Jodas, Daniel"]
[Black "Zeleny, Tomas1111"]
[Result "0-1"]
[WhiteElo "1614"]
[BlackElo "1894"]
[PlyCount "66"]
[EventDate "2022.07.01"]
[EventType "swiss"]
[EventRounds "9"]
[EventCountry "CZE"]
[SourceTitle "CBM 209 Extra"]
[Source "ChessBase"]
[SourceDate "2022.09.30"]
[SourceVersion "1"]
[SourceVersionDate "2022.09.30"]
[SourceQuality "1"]

1. e4 c5 2. Nf3 e6 3. d4 cxd4 4. Nxd4 a6 5. Nc3 Qc7 6. a3 Nf6 7. g3 b5 8. Bg2 Bb7 9. 0-0 Nc6 10. Be3 Be7 11. f4 d6 12. Rf2 0-0 13. Nxc6 Bxc6 14. e5 dxe5 15. fxe5 Qxe5 16. Bxc6 Qxe3 17. Bxa8 Bc5 18. Qf3 Qxf2+ 19. Qxf2 Bxf2+ 20. Kxf2 Rxa8 21. Kf3 Rd8 22. Rd1 Rxd1 23. Nxd1 Kf8 24. b3 Ke7 25. c4 bxc4 26. bxc4 Kd6 27. h3 Kc5 28. Ne3 Kd4 29. Ke2 Ne4 30. g4 g5 31. Nc2+ Kxc4 32. Nb4 a5 33. Nc6 a4 0-1

[Event "Ceske Budejovice op-B"]
[Site "Ceske Budejovice"]
[Date "2020.07.06"]
[Round "6"]
[White "Jodas, Daniel"]
[Black "Roubal, Matyas"]
[Result "1/2-1/2"]
[WhiteElo "1608"]
[BlackElo "1443"]
[PlyCount "92"]
[EventDate "2020.07.01"]
[EventType "swiss"]
[EventRounds "9"]
[EventCountry "CZE"]
[SourceTitle "CBM 197 Extra"]
[Source "ChessBase"]
[SourceDate "2020.09.30"]
[SourceVersion "1"]
[SourceVersionDate "2020.09.30"]
[SourceQuality "1"]

1. e4 e5 2. Nf3 Nc6 3. d4 exd4 4. Nxd4 Bc5 5. Nxc6 Qf6 6. Qf3 Qxf3 7. gxf3 dxc6 8. Rg1 g6 9. Bf4 Bb6 10. Nd2 Be6 11. Nc4 0-0-0 12. Nxb6+ cxb6 13. Bd3 Ne7 14. a3 Rhe8 15. 0-0-0 c5 16. Bg5 Rd7 17. Be2 Nc6 18. Rxd7 Bxd7 19. Bf6 Re6 20. Bc3 Re8 21. Bd3 Ne7 22. f4 f5 23. e5 Nd5 24. Bd2 Be6 25. Be2 a6 26. Rd1 b5 27. Bf3 Rd8 28. Ba5 b6 29. Bxd5 Rxd5 30. Rxd5 Bxd5 31. Bxb6 c4 32. h4 Kb7 33. Bc5 Kc6 34. Bd6 Bf7 35. Kd2 Kd5 36. Kc3 Be6 37. f3 h5 38. Bb8 Bf7 39. Ba7 Be6 40. Kb4 Kc6 41. a4 Bd7 42. Be3 Be6 43. Ka5 Bc8 44. b3 cxb3 45. cxb3 bxa4 46. bxa4 Kd5 1/2-1/2